Students speak (Record no. 503230)

000 -LEADER
fixed length control field 00315cam a22001097a 4500
008 - FIXED-LENGTH DATA ELEMENTS--GENERAL INFORMATION
fixed length control field 180718b2015 xxu||||| |||| 00| 0 eng d
082 ## - DEWEY DECIMAL CLASSIFICATION NUMBER
Classification number P62x54 As36
245 ## - TITLE STATEMENT
Title Students speak
Statement of responsibility, etc. edited by Ashok Kumar and Poonam Prakash
260 ## - PUBLICATION, DISTRIBUTION, ETC.
Place of publication, distribution, etc. New Delhi
Name of publisher, distributor, etc. SPA
Date of publication, distribution, etc. 2015
300 ## - PHYSICAL DESCRIPTION
Extent 76P.
700 ## - ADDED ENTRY--PERSONAL NAME
Personal name Ashok Kumar and Poonam Prakash
Holdings
Withdrawn status Lost status Damaged status Not for loan Permanent Location Current Location Date acquired Full call number Barcode Date last seen Price effective from Koha item type
        Indian Institute of Public Administration Indian Institute of Public Administration 2018-08-04 P62x54 As36 GR19715 2018-08-04 2018-08-04 GR

Powered by Koha